Hiszpańskie Wspólnoty Autonomiczne i ich Stolice na Mapie - Statystyki

Ogólne statystyki
  • Ten quiz został rozwiązany 70 razy
  • Średni wynik to 25 z 35
Odpowiedzi na mapie
Odpowiedzi zakodowano w zielono-czerwonej skali na mapie do tego quizu, zgodnie z poniższymi procentami.
 
Statystyki odpowiedzi
Community % Poprawnych
Madryt
100%
Madryt
100%
Andaluzja
93%
Barcelona
93%
Katalonia
93%
Sewilla
93%
Walencja
93%
Walencja
93%
Kraj Basków
86%
Murcja
86%
Murcja
86%
Aragonia
79%
Asturia
79%
Baleary
79%
Galicja
79%
Kastylia i León
79%
Kastylia-La Mancha
79%
Oviedo
79%
Palma (de Mallorca)
79%
Wyspy Kanaryjskie
79%
Estremadura
71%
Nawarra
71%
Kantabria
64%
Santander
64%
Santiago (de Compostela)
64%
Saragossa
64%
La Rioja
57%
Valladolid
57%
Pampeluna
50%
Santa Cruz (de Tenerife)
50%
Las Palmas (de Gran Canaria)
43%
Toledo
36%
Vitoria(-Gasteiz)
36%
Logroño
29%
Mérida
29%
Nie znaleziono quizów pasujących do podanych kryteriów
Rozkład punktacji
Procent ludzi z każdym wynikiem
Percentyl według liczby udzielonych odpowiedzi
Twoja historia wyników
Nie rozwiązałeś tego quizu